Struggle for Existence (Record no. 12775)

MARC details
000 -LEADER
fixed length control field 00611nam a2200241 a 4500
020 ## - INTERNATIONAL STANDARD BOOK NUMBER
ISBN 8170207
082 00 - DEWEY DECIMAL CLASSIFICATION NUMBER
Classification number 923.2
Author Cutter BAN
100 ## - MAIN ENTRY--AUTHOR NAME
Author name Banerjee, Mamta
245 ## - TITLE STATEMENT
Title Struggle for Existence
260 ## - PUBLICATION, DISTRIBUTION, ETC. (IMPRINT)
Place of publication New Delhi
Name of publisher Cosmo Publications
Year of publication 1998
300 ## - PHYSICAL DESCRIPTION
Number of Pages 189p
500 ## - GENERAL NOTE
General note includes index and biblioraphy
505 2# - FORMATTED CONTENTS NOTE
Formatted contents note Themes in politics series
650 ## - SUBJECT ADDED ENTRY--TOPICAL TERM
Topical Term Biography-Politician
942 ## - ADDED ENTRY ELEMENTS (KOHA)
Koha item type Books
700 1# -
-- Banerjee, Mamta
Holdings
Collection code Home library Current library Date acquired Cost, normal purchase price Full call number Accession Number Koha item type
  Henry Martyn Institute Library Henry Martyn Institute Library 06/06/2007 325.00 923.2 BAN 018160 Books
                   Copyright © 2026 | Henry Martyn Institute | Hyderabad | TS-500052 | INDIA | Implemented by hmi.edu.in
Hit-Count:

Powered by Koha